Bài tập toán cao cấp :
Sách giới thiệu sơ qua phần lí thuyết, đi sâu vào phương pháp giải các bài tập, kiểu dạng bài tập cụ thể
সংরক্ষণ করুন:
| প্রধান লেখক: | |
|---|---|
| বিন্যাস: | গ্রন্থ |
| ভাষা: | Undetermined |
| প্রকাশিত: |
Hà Nội
Giáo dục
2000
|
| বিষয়গুলি: | |
| ট্যাগগুলো: |
ট্যাগ যুক্ত করুন
কোনো ট্যাগ নেই, প্রথমজন হিসাবে ট্যাগ করুন!
|
| Thư viện lưu trữ: | Trung tâm Học liệu Trường Đại học Cần Thơ |
|---|
| LEADER | 00917nam a2200217Ia 4500 | ||
|---|---|---|---|
| 001 | CTU_39400 | ||
| 008 | 210402s9999 xx 000 0 und d | ||
| 020 | |c 13800 | ||
| 082 | |a 515.64076 | ||
| 082 | |b Tr300/T.2/2000 | ||
| 100 | |a Nguyễn, Đình Trí | ||
| 245 | 0 | |a Bài tập toán cao cấp : | |
| 245 | 0 | |c Nguyễn Đình Trí, Nguyễn Hồ Quỳnh, Tạ Văn Dĩnh | |
| 260 | |a Hà Nội | ||
| 260 | |b Giáo dục | ||
| 260 | |c 2000 | ||
| 520 | |a Sách giới thiệu sơ qua phần lí thuyết, đi sâu vào phương pháp giải các bài tập, kiểu dạng bài tập cụ thể | ||
| 650 | |a Mathematical analysis | ||
| 650 | |x Problems, exercises | ||
| 904 | |i Nguyễn Quang Điền, Mai chuyển số PL từ 515.076 thành 515.64076 dành cho cả bộ bài tập | ||
| 980 | |a Trung tâm Học liệu Trường Đại học Cần Thơ | ||